000
00289nam a2200121 a 4500
008
110105s1967|||| d
245
1
0
_a
O normách straníckeho života
100
1
_a
Lenin, V. I.
260
_b
VPL
_a
Bratislava
_c
1967
020
_c
14,50
044
_a
xo
_c
SK
041
_a
slo
999
_c
15498
_d
15498